03559nam a2200289 a 4500001001000000003000900010005001700019008004100036020001800077040002500095082002000120111010700140245027500247260010000522300003200622504003300654505198700687650008002674650008502754650008502839650005802924650008102982650007303063650008003136700003103216700002203247000007696DO-SdBNP20250703114553.0090907s2007 dr a r 001 0 spa d a9789945406481 aDO-SdBNPbspacBNPHU a378.7293bF727h2 aForo presidencial por la excelencia de la educaciónd(2007 :cSanto Domingo, República Dominicana)10aHacia un plan decenal de la educación superior, la ciencia y la tecnología :bsíntesis de las mesas de trabajo de la educación superior, ciencia y tecnología 2007 /csíntesis elaborada por Lorenzo Guadamuz Sandoval ; revisión Ligia Amada Melo... [et al.] . aSanto Domingo :bSecretaría de Estado de Educación Superior, Ciencia y Tecnología,c2007. a110 p. :bgráf. ;c28 cm. aBibliografíca : p. 209-2100 tReconocimiento --tIntroducción --tEl contexto del país y de la educación superior en la República Dominicana --tDesarrollo económico y reformas educativas --tSituación y perspectivas de la educación superior, la ciencia y la tecnología en contexto de la globalización, la sociedad del conocimiento y el TLC --tAnálisis de situación de la educación superior, la ciencia y la tecnología --tPerspectiva de la educación superior, la ciencia y la tecnología --tLíneas de acción, políticas y estrategias --tSituación y perspectivas del uso de las tecnologías de la información y la comunicación en la educación superior --tAnálisis de la situación del uso de las tecnologías de la información y la comunicación en la educación superior --tPerspectivas de desarrollo para el uso de las tecnologías de la información y la comunicación en la educación superior --tObjetivos y líneas de acción para el desarrollo de las tecnologías de información y comunicación en la educación superior --tSituación y perspectivas de los valores en la educación superior. La educación en la verdad --tAnálisis de situaciones de los valores en la educación superior --tPerspectivas del área de valores en la educación superior --tObjetivos y líneas de acción. Políticas y estrategias sobre valores en la educación superior --tObjetivos y líneas de acción. Políticas y estrategias sobre valores en la educación superior --tSituación y perspectivas de la administración de las instituciones de educación superior --tSituación actual de tres áreas de la administración de las instituciones de educación superior (IES) --tPerspectivas y líneas de acción de cuatro áreas de la administración de las instituciones de educación superior --tConclusiones generales --tBibliografía --tAnexo 1 : Listado de las instituciones de educación superior de la Repúbli 4aEducación superiorzRepública DominicanaxCongresos, conferencias, etc. 4aPlanificación educativazRepública DominicanaxCongresos, conferencias, etc. 4aCalidad de la educaciónzRepública DominicanaxCongresos, conferencias, etc. 4aTecnología educativaxCongresos, conferencias, etc. 4aAdministración de sistemas de informaciónxCongresos, conferencias, etc. 4aEnseñanza con ayuda de computadoresxCongresos, conferencias, etc. 7aEducación y estadozRepública DominicanaxCongresos, conferencias, etc.12aGuadamuz Sandoval, Lorenzo12aMelo, Ligia Amada